| 000 | 01139cam a2200325 a 4500 | ||
|---|---|---|---|
| 001 | 17318063 | ||
| 003 | OSt | ||
| 005 | 20200618105618.0 | ||
| 008 | 120309s2012 ii a b 001 0 eng | ||
| 010 | _a 2012354118 | ||
| 020 | _a9789380607283 | ||
| 025 | _aI-E-2012-354118; 59-91; 60-91; 61-91 | ||
| 035 | _a(IN-NdUBS) 2012354118 | ||
| 037 | _bLibrary of Congress -- New Delhi Overseas Office | ||
| 040 |
_aDLC _coclc _dDLC |
||
| 042 |
_alcode _apcc |
||
| 043 | _aa-ii--- | ||
| 050 | 0 | 0 |
_aDS402.5 _b.R43 2012 |
| 082 |
_a954.05 _bJAF/R |
||
| 100 |
_92999 _aJafri, S Z H |
||
| 245 | 0 | 0 |
_aRecording the progress of Indian history : _bsymposia papers of the Indian History Congress, 1992-2010 / _cS.Z.H. Jafri. |
| 260 |
_aNew Delhi : _bPrimus Books, _c2012. |
||
| 300 |
_axii, 546 p. : _bill. ; _c25 cm. |
||
| 504 | _aIncludes bibliographical references and index. | ||
| 700 | 1 | _aJafri, Saiyid Zaheer Husain. | |
| 710 | 2 | _aIndian History Congress. | |
| 906 |
_a7 _bcbc _corigode _d3 _encip _f20 _gy-gencatlg |
||
| 942 |
_2ddc _cBK _h954.05 _iJAF/R _k954.05 _mJAF/R |
||
| 999 |
_c21653 _d21653 |
||